000 00641nam a2200277Ia 4500
005 20260324121808.0
008 008 260324s9999 xx 000 0 eng d
020 _a9780203384053
037 _aEBOOK
040 _aCRL
040 _beng
040 _cCRL
041 _2eng
041 _aeng
084 _qCRL
100 _aTomlinson Holman; Arthur Baum
_91163912
245 0 _aSound for Digital Video
260 _bTaylor and Francis
260 _c2013
365 _a
365 _b280
856 _uhttp://www.taylorfrancis.com/books/9780203384053
942 _cEBOOK
999 _c1756224
_d1756224